[Event "Malakhatko Memorial op"]
[Site "Chess.com INT"]
[Date "2023.06.14"]
[Round "1"]
[White "Zavgorodniy, Sergiy"]
[Black "Shykyravyi, Denys"]
[Result "1-0"]
[WhiteElo "2416"]
[BlackElo "1566"]
[PlyCount "61"]
[EventDate "2023.06.14"]
[EventType "swiss (blitz)"]
[EventRounds "11"]
[EventCountry "USA"]
[SourceTitle "CBM 214 Extra"]
[Source "ChessBase"]
[SourceDate "2023.07.31"]
[SourceVersion "1"]
[SourceVersionDate "2023.07.31"]
[SourceQuality "1"]

1. e4 c5 2. Nf3 d6 3. c3 Nf6 4. Bc4 Nc6 5. Qe2 g6 6. 0-0 Bg7 7. d4 cxd4 8. cxd4 Bg4 9. Rd1 0-0 10. h3 Bxf3 11. Qxf3 Qb6 12. Qe3 Rac8 13. Nc3 Nd7 14. Nd5 Qd8 15. Bb5 a6 16. Bxc6 bxc6 17. Nc3 c5 18. dxc5 Nxc5 19. Qe2 Qa5 20. Be3 Rb8 21. Bd4 Bxd4 22. Rxd4 Qb6 23. Nd5 Qb7 24. b4 Ne6 25. Rc4 Rfc8 26. Rac1 Kf8 27. Qb2 Ng7 28. Rc7 Rxc7 29. Rxc7 Qb5 30. Rxe7 Qd3 31. Qf6 1-0

[Event "Lvov Buturina Memorial 2nd"]
[Site "Lvov"]
[Date "2022.11.18"]
[Round "1"]
[White "Shykyravyi, Denys"]
[Black "Mikhaletz, Lubomir"]
[Result "1/2-1/2"]
[WhiteElo "1467"]
[BlackElo "2307"]
[PlyCount "32"]
[EventDate "2022.11.18"]
[EventType "swiss (rapid)"]
[EventRounds "9"]
[EventCountry "UKR"]
[SourceTitle "CBM 212 Extra"]
[Source "ChessBase"]
[SourceDate "2023.03.31"]
[SourceVersion "1"]
[SourceVersionDate "2023.03.31"]
[SourceQuality "1"]

1. d4 d5 2. c4 c6 3. Nf3 Nf6 4. Nc3 dxc4 5. e3 b5 6. a4 Qb6 7. b3 b4 8. a5 Qb7 9. a6 Nxa6 10. Bxc4 Nc7 11. Na4 e6 12. Bb2 Be7 13. Nc5 Qb6 14. Na4 Qb7 15. Nc5 Qb6 16. Na4 Qb7 1/2-1/2

[Event "Vinnytsia Olkhovsky Memorial 8th"]
[Site "Vinnytsia"]
[Date "2021.07.10"]
[Round "3"]
[White "Shykyravyi, Denys"]
[Black "Bykovskiy, Oleg"]
[Result "0-1"]
[WhiteElo "1470"]
[BlackElo "2246"]
[PlyCount "90"]
[EventDate "2021.07.10"]
[EventType "swiss (rapid)"]
[EventRounds "9"]
[EventCountry "UKR"]
[SourceTitle "CBM 203 Extra"]
[Source "ChessBase"]
[SourceDate "2021.09.30"]
[SourceVersion "1"]
[SourceVersionDate "2021.09.30"]
[SourceQuality "1"]

1. e4 e6 2. d4 b6 3. c4 Bb7 4. Nc3 Bb4 5. Bd3 f5 6. Qc2 Nf6 7. Bg5 fxe4 8. Be2 0-0 9. 0-0-0 d5 10. cxd5 exd5 11. f3 Nbd7 12. fxe4 Bxc3 13. bxc3 dxe4 14. Bc4+ Kh8 15. Ne2 Qe7 16. d5 Ne5 17. Bb3 Nd3+ 18. Kb1 Qe5 19. Bxf6 Rxf6 20. Ng3 Rf2 21. Ne2 Raf8 22. Rd2 Bxd5 23. Bxd5 Qxd5 24. Rhd1 Rxg2 25. Ng3 Rxd2 26. Rxd2 a5 27. c4 Qd4 28. Qa4 Qc3 29. Qd1 Qxc4 30. Nxe4 Qxe4 31. Rxd3 Rd8 32. Kc2 Qxd3+ 33. Qxd3 Rxd3 34. Kxd3 g5 35. Ke4 c5 36. Kd5 h5 37. Kc6 c4 38. Kxb6 c3 39. Kxa5 c2 40. Kb4 c1Q 41. a4 Qc6 42. a5 g4 43. a6 Qxa6 44. Kc3 Qe2 45. Kd4 Qxh2 0-1